000
00341nam a2200145Ia 4500
008
130318s9999 xx 000 0 und d
020
_a
9788177228700
082
_a
006.76 KOG/S
100
_a
Kogent solutions Inc.
245
_a
Struts 2
250
_a
2
260
_b
Dream Tech
_a
New Delhi
_c
2011
300
_a
790
650
_a
WEB TECHNOLOGY
999
_c
1938
_d
1938